000 01630cam a2200409 a 4500
001 15864444
003 Nust
005 20220420110035.0
008 090724s2009 ii b 001 0 eng
010 _a 2009346532
020 _a9780241144626
025 _aI-E-2009-346532; 63-90; 71-90
035 _a(IN-NdUBS) 2009346532
037 _bLibrary of Congress -- New Delhi Overseas Office
038 _aMuhammad Ibrahim
040 _aDLC
_cDLC
_dDLC
042 _alcode
043 _aa-ii---
050 0 0 _aDS422.C64
_bR69 2009
082 _a320.54
_bROY 2011
100 1 _aRoy, Arundhati.
_912936
245 1 0 _aListening to grass-hoppers :
_bfield notes on democracy /
_cArundhati Roy.
246 1 8 _aListening to grasshoppers
260 _aNew Delhi :
_bHamish Hamilton an imprint of Penguin Books,
_c2009.
300 _axxxvii, 256 p. ;
_c22 cm.
504 _aIncludes bibliographical references (p. 211-238) and index.
520 _aWith special reference to various topics related to anti-democratic issue of communalism, division between Muslims and Hindus, state sponsored terrorism, terrorist attacks, and emergence of Hindutva in India; articles previously published in several journals and books.
563 _aH.B
650 0 _aCommunalism
_zIndia.
_935665
650 0 _aHindus
_zIndia.
_991062
650 0 _aMuslims
_zIndia.
_95655
650 0 _aHindutva
_zIndia.
_991063
650 0 _aTerrorism
_zIndia.
_935664
906 _a7
_bcbc
_corigode
_d3
_encip
_f20
_gy-gencatlg
942 _2ddc
_cBK
999 _c589246
_d589246